| 000 -LEADER |
| fixed length control field |
00564nam a22001937a 4500 |
| 008 - FIXED-LENGTH DATA ELEMENTS--GENERAL INFORMATION |
| fixed length control field |
150610b xxu||||| |||| 00| 0 eng d |
| 080 ## - UNIVERSAL DECIMAL CLASSIFICATION NUMBER |
| Universal Decimal Classification number |
656.2 |
| 245 00 - TITLE STATEMENT |
| Title |
The railroaders. |
| Statement of responsibility, etc |
By the editors of Time-Life Books, with text by Keith Wheeler. |
| 260 ## - |
| -- |
New York, |
| -- |
Time-Life Books |
| -- |
[1973] |
| 300 ## - |
| -- |
240 f. : |
| -- |
me il. : |
| -- |
29 cm. |
| 490 ## - |
| -- |
The Old West |
| 505 ## - |
| -- |
Index: f. 238-240 |
| 650 #0 - |
| -- |
Pacific railroads |
| 650 #0 - |
| -- |
Hekurudhat e Pacefikut |
| 650 #0 - |
| -- |
Railroads |
| 650 #0 - |
| -- |
hekurudhat |
| 700 1# - |
| -- |
Wheeler, Keith. |
| 942 ## - ADDED ENTRY ELEMENTS (KOHA) |
| Source of classification or shelving scheme |
|
| Item type |
Books |